000 00701nam a2200181Ia 4500
008 100921s9999 xx 000 0 und d
082 _b22912
_a891.463 थ 90
100 _aनिसळ शांता.
245 _aस्वर एका स्वाराचा.
260 _bअनिरूध्द साहित्य,पुणे.
_c1990
300 _a183
_bभावे पुस्तक भांडार,पुणे
365 _b50
520 _aललित-कादंबरी.
630 _aस्वर एका स्वाराचा.
650 _aललित-कादंबरी.
730 _aस्वर एका स्वाराचा.
942 _cBOOK
999 _c772025
_d772022